000 01171nam a2200313 i 4500
001 bg
100 1 _aJENDROŚKA, Jerzy
_d(1956- )
245 1 0 _aPrawo ochrony środowiska :
_bpodręcznik /
_cJerzy Jendrośka, Magdalena Bar ; Centrum Prawa Ekologicznego.
246 1 5 _aEnvironmental law
260 _aWrocław :
_bCPE,
_c2005.
300 _a1078 s. ;
_c21 cm.
500 _aTyt. równol.: Environmental law : textbook.
504 _aWykaz aktów prawnych s. 1041-1075.
650 9 _aPrawo ochrony środowiska międzynarodowe
_xprawo wspólnotowe europejskie
_ystan na 2005 r.
650 9 _aPrawo ochrony środowiska międzynarodowe
_ystan na 2005 r.
650 9 _aPrawo ochrony środowiska
_zPolska
_ystan na 2005 r.
655 _aPodręczniki akademickie
700 1 _aBAR, Magdalena
710 0 _aCentrum Prawa Ekologicznego
015 _aPB 9913/2005
020 _a839175183X
040 _cBPK
041 0 _apol
080 _a349.6(438:4-67):341.22](075.8)
920 _a83-917518-3-X
942 _cKS
008 s pl f |000 0 pol
999 _c46252
_d46252
856 _uhttp://koha.tu.koszalin.pl/cgi-bin/koha/opac-detail.pl?biblionumber=46252
_yKatalog online BPK